Sobre a Literatura / (Record no. 226)

MARC details
000 -LÍDER
campo de controle de tamanho fixo 03761nam a2200301 4500
001 - NÚMERO DE CONTROLE
campo de controle 226
003 - IDENTIFICADOR DO NÚMERO DE CONTROLE
campo de controle OSt
005 - DATA E HORÁRIO DA ÚLTIMA TRANSAÇÃO
campo de controle 20250328094003.0
008 - CAMPO DE DADOS FIXOS--INFORMAÇÃO GERAL
campo de controle de tamanho fixo 250204b |||||||g |||| 00| e eng d
020 ## - ISBN - INTERNATIONAL STANDARD BOOK NUMBER
ISBN - International Standard Book Number 851064211
040 ## - FONTE DA CATALOGAÇÃO
Idioma da catalogação por
041 ## - CÓDIGO DE IDIOMA
Código do idioma do original e/ou traduções intermediárias do texto ita
Código do idioma do texto/trilha sonora ou título diferente por
082 ## - CDD - CLASSIFICAÇÃO DECIMAL DE DEWEY
Número de Classificação 370
Número do exemplar E19s
100 1# - ENTRADA PRINCIPAL--NOME PESSOAL
Nome pessoal Eco, Umberto,
Datas associadas ao nome 1932-2016
9 (RLIN) 409
240 ## - TÍTULO UNIFORME
Título uniforme Sulla letteratura
245 ## - TÍTULO
Título Sobre a Literatura /
Indicação de responsabilidade, etc. Eco, Umberto ; Tradução de Eliana Aguiar
250 ## - EDIÇÃO
Declaração de edição 2° edição
260 ## - PUBLICAÇÃO, DISTRIBUIÇÃO, ETC.
Local de publicação, distribuição, etc. Rio de Janeiro
Nome do editor, distribuidor, etc. Record
Data da publicação, distribuição, etc. 2003
300 ## - DESCRIÇÃO FÍSICA
Extensão 305 p.
520 ## - NOTA DE RESUMO, ETC.
Resumo, etc. "A leitura de obras literárias nos obriga a um exercício de fidelidade e de respeito na liberdade da interpretação. Há uma perigosa heresia crítica, típica de nossos dias, para a qual de uma obra literária pode-se fazer o que se queira, nelas lendo aquilo que nossos mais incontroláveis impulsos nos sugerirem. Não é verdade. As obras literárias nos convidam à liberdade da interpretação, pois propõem um discurso com muitos planos de leitura e nos colocam diante das ambigüidades, da linguagem e da vida."<br/><br/>Umberto Eco<br/><br/><br/><br/>SOBRE A LITERATURA é uma coletânea para estudiosos, críticos e amantes da literatura. Aqui, vemos um Eco distinto: conferencista brilhante, contador de anedotas, interlocutor espirituoso e amante dos livros. A obra reúne uma série de escritos centrados no problema da literatura e estimulados por encontros, simpósios, congressos ou antologias para os quais o autor foi convidado. "Todos os escritos foram adaptados para este livro, às vezes, abreviados, às vezes ampliados, outras ainda desembaraçados de referências demasiado ligadas à situação", explica Umberto Eco.<br/><br/>Nos riquíssimos textos de SOBRE A LITERATURA, Umberto Eco - o mais importante intelectual italiano deste século - ensina a ler e compreender grandes mestres da literatura. De Aristóteles a Borges, passando pela fina ironia de Oscar Wilde, Eco revela bastidores de grandes clássicos literários. "Uma abordagem transversal do campo literário, visceralmente contrária ao seqüestro do texto ou à leitura quebrada, em favor de uma falsa ou irresponsável abertura", conta Marco Lucchesi, escritor e um dos melhores tradutores de Eco do país.<br/><br/>Eco analisa de modo detalhado todos os elementos de cada história. Alguns textos são autobiográficos ou até mesmo autocríticos: "por vezes é necessário, para explicar o que se entende por literatura, recorrer também às próprias experiências", argumenta o autor. SOBREA A LITERATURA trata das atividades de escritor detalhadas por um Eco escritor e não pela sua faceta de teórico. "Não me agrada, em geral, a mistura dos dois papéis", diz.<br/><br/>O leitor poderá notar, ainda, o retorno, em escritos diversos, e talvez com uma distância de anos, de um exemplo ou tema. "Como em O pêndulo de Foucault, este livro cresce numa espiral temática, marcada por uma tensão de distância e proximidade, ressonância e dissonância", explica Marco Lucchesi, que assina a orelha de SOBRE A LITERATURA.<br/><br/><br/><br/>Umberto Eco nasceu em Alexandria, Itália, em 1932. É professor de Semiologia na Universidade de Bolonha e dirige a revista VS. Entre suas obras ensaísticas destacam-se: Obra aberta, Diário mínimo, A estrutura ausente, Tratado geral de semiótica, Seis passeios pelo bosque da ficção, Segundo diário mínimo, Kant e o ornitorrinco, Cinco escritos morais e Em que crêem os que não crêem. Como romancista Eco publicou O nome da rosa, O pêndulo de Foucault, A ilha do dia anterior e Baudolino.
650 #0 - ASSUNTO--TERMO TÓPICO
Cabeçalho tópico ou nome geográfico Literatura italiana
9 (RLIN) 164
650 #0 - ASSUNTO--TERMO TÓPICO
Cabeçalho tópico ou nome geográfico Teoria
9 (RLIN) 6
650 #0 - ASSUNTO--TERMO TÓPICO
Cabeçalho tópico ou nome geográfico Escrita
9 (RLIN) 418
650 #0 - ASSUNTO--TERMO TÓPICO
Cabeçalho tópico ou nome geográfico Educação
9 (RLIN) 20
655 #0 - TERMO DE ÍNDICE--GÊNERO E FORMA
Gênero/forma/ou termo foco Ensaio
700 ## - ENTRADA ADICIONADA - NOME PESSOAL
Nome pessoal Eliana Aguiar
Função do autor por extenso Tradutor
9 (RLIN) 412
942 ## - ELEMENTOS DE ENTRADA ADICIONADOS (KOHA)
Fonte de classificação ou esquema de arquivamento Classificação decimal de Dewey
Ocultar no OPAC Não
Tipo de material Koha Livros
Holdings
Situação do descarte Situação das perdas Fonte de classificação ou esquema de arquivamento Status danificado Não pode ser emprestado Coleção Biblioteca de origem Biblioteca atual Localização na estante Data de aquisição Fonte de aquisição Total de empréstimos Número de chamada completo Código de barras Data de último acesso Data do preço efetivo Tipo de material Koha
    Classificação decimal de Dewey     Ensaios Biblioteca Professor Eduardo Afonso de Castro Biblioteca Professor Eduardo Afonso de Castro Geral 12.12.2015 doação   370 / E19s 2025-14826 04.02.2025 04.02.2025 Livros

Powered by Koha